MARC

LEADER 00000nam0a2200000 4500
001 45549
005 20231101210948.0
010 |a 5929200270 
035 |a (RuTPU)RU\TPU\book\47445 
090 |a 45549 
100 |a 20021211d2001 m y0rusy50 ca 
101 0 |a rus 
102 |a RU 
105 |a y j 001zy 
200 1 |a Философия  |e учебное пособие  |f Н. Ф. Бучило, А. Н. Чумаков 
205 |a 2-е изд., перераб. и доп. 
210 |a Москва  |c ПЕР СЭ  |d 2001 
215 |a 447 с. 
225 1 |a Современное образование 
320 |a Словарь философских терминов: с. 438-441. 
606 1 |a Философия  |2 stltpush  |3 (RuTPU)RU\TPU\subj\63880  |9 80812 
610 1 |a теория 
610 1 |a бытие 
610 1 |a онтология 
610 1 |a движение 
610 1 |a пространство 
610 1 |a время 
610 1 |a сознание 
610 1 |a познание 
610 1 |a гносеология 
610 1 |a научное познание 
610 1 |a природа 
610 1 |a общество 
610 1 |a социальная экология 
610 1 |a философская антропология 
610 1 |a праксиология 
610 1 |a социальная философия 
610 1 |a ценности 
610 1 |a аксиология 
610 1 |a глобальные проблемы 
610 1 |a учебные пособия 
686 |a Ю0/3я73  |v LBC/SL-A  |2 rubbk 
700 1 |a Бучило  |b Н. Ф.  |g Нина Федоровна 
701 1 |a Чумаков  |b А. Н.  |g Александр Николаевич 
801 1 |a RU  |b 63413507  |c 20021211  |g PSBO 
801 2 |a RU  |b 63413507  |c 20140114  |g PSBO 
900 |a Философия 
942 |c BK 
954 |a 520400  |b 020100